[Event "Sri Lanka Women's National B Chess Championship 20"]
[Site "SLIIT, Malabe"]
[Date "2015.06.20"]
[Round "4"]
[Board "2"]
[White "Kodikara, K K M Sachintha"]
[Black "Wickramasinghe, Dilhara Ishini"]
[Result "0-1"]
[WhiteElo "1474"]
[BlackElo "1698"]
[PlyCount "164"]
[EventDate "2015.05.19"]
[EventRounds "10"]
[EventCountry "SRI"]

1. Nf3 Nf6 2. g3 g6 3. Bg2 Bg7 4. O-O O-O 5. d3 d6 6. e4 c5 7. Nbd2 Nc6 8. Ne1
Rb8 9. Rb1 b5 10. b3 Qa5 11. a3 Bd7 12. Nef3 Ng4 13. Qe2 Nd4 14. Nxd4 cxd4 15.
Bb2 Qb6 16. Nf3 e5 17. Bh3 Qc7 18. b4 Nf6 19. Bxd7 Nxd7 20. Ne1 Nb6 21. Qf3 Na4
22. Qe2 Rbc8 23. Qd1 Qd7 24. Ba1 Qb7 25. Qf3 Rc7 26. Qg2 Nc3 27. Rb3 Na4 28.
Rb1 Qa6 29. Qf3 Rfc8 30. Kg2 Qb6 31. Rh1 Bh6 32. Qd1 Nc3 33. Bxc3 Rxc3 34. Ra1
Qa6 35. h4 Rxa3 36. Rb1 Qb7 37. h5 Bg7 38. Qf3 Qd7 39. g4 Qe7 40. Qh3 Bf8 41.
Kf1 Rc7 42. Qg2 Qe6 43. Qh3 d5 44. hxg6 fxg6 45. Qf3 dxe4 46. Qxe4 Qc6 47. Rb2
Ra4 48. Kg1 Qxe4 49. dxe4 Rxb4 50. Ra2 Rb1 51. Kg2 Bd6 52. Nd3 Rxh1 53. Kxh1
Kf7 54. Kg2 Ke7 55. Kg3 b4 56. Kh3 b3 57. cxb3 Rc3 58. Rd2 Rxb3 59. Kg2 a5 60.
Nc1 Rb4 61. Nd3 Rb5 62. Ra2 Kd7 63. Kg1 Rb1+ 64. Kg2 Rd1 65. Nb2 Rd2 66. Kf1
Bb4 67. Rxa5 Bxa5 68. Nc4 Rd1+ 69. Ke2 Re1+ 70. Kd3 Bc7 71. Kd2 Rg1 72. f3 h5
73. gxh5 gxh5 74. Ke2 h4 75. Kf2 Rg6 76. Nxe5+ Bxe5 77. f4 Bxf4 78. e5 d3 79.
e6+ Kxe6 80. Ke1 Be3 81. Kf1 h3 82. Ke1 Rg1# 0-1

[Event "Sri Lanka Women's National B Chess Championship 20"]
[Site "SLIIT, Malabe"]
[Date "2015.06.20"]
[Round "4"]
[Board "4"]
[White "Rajapaksa, Miyuni Kavinya"]
[Black "Nonis, P A R R"]
[Result "1/2-1/2"]
[WhiteElo "1583"]
[BlackElo "1488"]
[PlyCount "90"]
[EventDate "2015.05.19"]
[EventRounds "10"]
[EventCountry "SRI"]

1. e4 c5 2. Nf3 d6 3. d4 cxd4 4. Nxd4 Nf6 5. Nc3 g6 6. Be3 Bg7 7. f3 Nc6 8. Bc4
O-O 9. Qd2 Bd7 10. O-O-O Qa5 11. Kb1 Rfc8 12. Bb3 Ne5 13. g4 Nc4 14. Bxc4 Rxc4
15. Nb3 Qd8 16. e5 Ne8 17. exd6 Nxd6 18. Ne4 Rac8 19. c3 R4c6 20. Bf4 Qb6 21.
Bxd6 exd6 22. Nxd6 Rd8 23. Ne4 Rcc8 24. Qf4 Be6 25. Ned2 a5 26. Qa4 Rd5 27. c4
Bd7 28. Qa3 Bf8 29. c5 Bxc5 30. Nxc5 Rcxc5 31. Ne4 Rxd1+ 32. Rxd1 Rc7 33. Nc3
Qa6 34. Nd5 Qe2 35. Qd3 Qxd3+ 36. Rxd3 Bb5 37. Rd4 Rc4 38. Rd2 Bc6 39. b3 Rc5
40. Ne7+ Kg7 41. Nxc6 Rxc6 42. Kb2 b6 43. Rd4 Re6 44. Rd2 Kf6 45. f4 Re4
 1/2-1/2

[Event "Sri Lanka Women's National B Chess Championship 20"]
[Site "SLIIT, Malabe"]
[Date "2015.06.20"]
[Round "4"]
[Board "5"]
[White "Gunawardana, I M T M"]
[Black "Balasuriya, Sajini Hasara"]
[Result "0-1"]
[WhiteElo "1466"]
[BlackElo "1571"]
[PlyCount "110"]
[EventDate "2015.05.19"]
[EventRounds "10"]
[EventCountry "SRI"]

1. e4 e5 2. Nc3 Nf6 3. f4 d5 4. fxe5 Nxe4 5. Nf3 Bg4 6. Be2 Bxf3 7. Bxf3 Qh4+
8. g3 Nxc3 9. dxc3 Qe7 10. Bxd5 c6 11. Bb3 Qxe5+ 12. Qe2 Bd6 13. Qxe5+ Bxe5 14.
Be3 O-O 15. O-O-O b5 16. Rhf1 Bf6 17. g4 Be7 18. Bc5 Bxc5 19. Rxf7 Rxf7 20. Rf1
Na6 21. Rxf7 Kh8 22. h4 Be3+ 23. Kd1 Nc5 24. Rc7 Nxb3 25. cxb3 c5 26. Ke2 Re8
27. Kf3 Bc1 28. Rxc5 Bxb2 29. c4 bxc4 30. bxc4 Bd4 31. Rc6 h6 32. g5 hxg5 33.
hxg5 Kh7 34. g6+ Kh6 35. Kg4 Bf6 36. Rc7 Kxg6 37. c5 Re4+ 38. Kf3 Ra4 39. Rb7
Rxa2 40. c6 Rc2 41. c7 Be5 42. Rxa7 Rxc7 43. Ra6+ Kf5 44. Ra8 g5 45. Rf8+ Bf6
46. Rg8 Rc3+ 47. Ke2 g4 48. Kf1 Kf4 49. Rf8 Rc6 50. Kf2 Rc2+ 51. Kf1 Kf5 52.
Rg8 Bg5 53. Rf8+ Ke4 54. Re8+ Kf3 55. Re1 Rc1 0-1

[Event "Sri Lanka Women's National B Chess Championship 20"]
[Site "SLIIT, Malabe"]
[Date "2015.06.20"]
[Round "4"]
[Board "6"]
[White "Abeysinghe, H M H Janandani"]
[Black "Gamage, Nethmi Nirasha"]
[Result "0-1"]
[WhiteElo "1444"]
[BlackElo "1514"]
[PlyCount "110"]
[EventDate "2015.05.19"]
[EventRounds "10"]
[EventCountry "SRI"]

1. e4 e6 2. d4 d5 3. Nc3 Bb4 4. e5 c5 5. a3 Bxc3+ 6. bxc3 Qc7 7. Bd2 Ne7 8. Qg4
cxd4 9. cxd4 Qxc2 10. Rc1 Qg6 11. Qxg6 hxg6 12. Bb4 Nbc6 13. Bb5 Bd7 14. Bxe7
Kxe7 15. Ne2 Nxe5 16. dxe5 Bxb5 17. Rc7+ Bd7 18. Rxb7 Rhb8 19. Rc7 Kd8 20. Rc3
Rb2 21. Nc1 Bb5 22. Rb3 Rxb3 23. Nxb3 Rb8 24. Nd4 Kd7 25. Kd2 Bc4 26. Rc1 f6
27. Nf3 Rb2+ 28. Rc2 Rxc2+ 29. Kxc2 Bf1 30. g3 Bg2 31. exf6 gxf6 32. Nd2 Bh3
33. Kc3 Kc6 34. Nf3 e5 35. Nh4 d4+ 36. Kd2 g5 37. Nf3 Kb5 38. Kc2 Bf5+ 39. Kb3
g4 40. Nd2 e4 41. a4+ Ka5 42. Nf1 Be6+ 43. Kc2 Kb4 44. Nd2 f5 45. Nf1 Kxa4 46.
Kb2 Kb4 47. Kc2 a5 48. Kb2 a4 49. Ka1 Kc3 50. Kb1 Bc4 51. Ne3 dxe3 52. fxe3 Kd3
53. Kb2 Kxe3 54. Kc3 a3 55. Kxc4 a2 0-1

[Event "Sri Lanka Women's National B Chess Championship 20"]
[Site "SLIIT, Malabe"]
[Date "2015.06.20"]
[Round "4"]
[Board "7"]
[White "Tharushi, T H D Niklesha"]
[Black "Jayaweera, Sayuni Gihansa"]
[Result "0-1"]
[WhiteElo "1508"]
[BlackElo "1437"]
[PlyCount "98"]
[EventDate "2015.05.19"]
[EventRounds "10"]
[EventCountry "SRI"]

1. d4 Nf6 2. c4 c5 3. d5 b5 4. Qc2 d6 5. e4 g6 6. Nc3 b4 7. Nce2 Bg7 8. h3 Nbd7
9. f4 a5 10. Nf3 Qc7 11. a3 b3 12. Qb1 a4 13. g4 Ba6 14. Nc3 O-O 15. g5 Nh5 16.
Rg1 Nb6 17. Nb5 Bxb5 18. cxb5 c4 19. Be3 c3 20. Bd4 Bxd4 21. Nxd4 Qc5 22. Ne2
Nxf4 23. Rg3 Nxe2 24. Bxe2 c2 25. Qc1 Qd4 26. Qf4 Qxb2 27. Rc1 Qe5 28. Qxe5
dxe5 29. Rc3 Rac8 30. Kd2 b2 31. R3xc2 bxc1=Q+ 32. Rxc1 Rxc1 33. Kxc1 Rc8+ 34.
Kd2 Nc4+ 35. Bxc4 Rxc4 36. Kd3 Rc5 37. b6 Rb5 38. h4 Rxb6 39. h5 Rb3+ 40. Kc4
Rxa3 41. h6 Rb3 42. d6 exd6 43. Kd5 a3 44. Kxd6 a2 45. Kxe5 a1=Q+ 46. Kd5 Qa5+
47. Kc6 Rb6+ 48. Kc7 Qa7+ 49. Kc8 Rb8# 0-1

[Event "Sri Lanka Women's National B Chess Championship 20"]
[Site "SLIIT, Malabe"]
[Date "2015.06.20"]
[Round "4"]
[Board "8"]
[White "Udagedara, Sandali Kanishka"]
[Black "Pasqual, Anuki"]
[Result "0-1"]
[WhiteElo "1492"]
[BlackElo "1423"]
[PlyCount "136"]
[EventDate "2015.05.19"]
[EventRounds "10"]
[EventCountry "SRI"]

1. d4 Nf6 2. c4 g6 3. Nc3 Bg7 4. e4 d6 5. f3 O-O 6. Be3 c5 7. d5 Na6 8. Qd2 Bd7
9. g4 Nc7 10. Bh6 Re8 11. h4 Bh8 12. h5 e6 13. hxg6 fxg6 14. O-O-O exd5 15.
cxd5 b5 16. Qh2 b4 17. Nb1 Qe7 18. Bf4 Nb5 19. a4 bxa3 20. Nxa3 Nxa3 21. bxa3
Ba4 22. Bxd6 Qb7 23. Rd2 Qb3 24. Rd3 Qc4+ 25. Kb1 Qb5+ 26. Ka2 Qc4+ 27. Kb1
Qb5+ 28. Kc1 Qc4+ 29. Kd2 Qc2+ 30. Ke3 Qc1+ 31. Kf2 Rxe4 32. Ne2 Qc2 33. Rc3
Rxe2+ 34. Bxe2 Qxc3 35. Be5 Qd2 36. Bxf6 Bxf6 37. Qxh7+ Kf8 38. Qh6+ Qxh6 39.
Rxh6 Kg7 40. Rh1 Bb3 41. Bd3 Bxd5 42. Be4 Bxe4 43. fxe4 Re8 44. Ke3 c4 45. Rb1
Re7 46. Rb4 c3 47. Rc4 Be5 48. Rc5 Rc7 49. Rxc7+ Bxc7 50. Kd3 Be5 51. a4 a5 52.
g5 Kf7 53. Kc2 Ke6 54. Kd3 Bd4 55. Kc2 Ke5 56. Kd3 Kf4 57. Kxd4 c2 58. e5 c1=Q
59. e6 Qc6 60. e7 Qd6+ 61. Kc4 Qxe7 62. Kb5 Qb4+ 63. Kc6 Ke5 64. Kd7 Qd6+ 65.
Ke8 Qc7 66. Kf8 Qh7 67. Ke8 Ke6 68. Kd8 Qd7# 0-1

[Event "Sri Lanka Women's National B Chess Championship 20"]
[Site "SLIIT, Malabe"]
[Date "2015.06.20"]
[Round "4"]
[Board "9"]
[White "Saumy, Zainab"]
[Black "Askey, Roshell Nathasha"]
[Result "1/2-1/2"]
[WhiteElo "1510"]
[BlackElo "1637"]
[PlyCount "55"]
[EventDate "2015.05.19"]
[EventRounds "10"]
[EventCountry "SRI"]

1. c4 Nf6 2. g3 e6 3. Bg2 d5 4. cxd5 exd5 5. Nf3 c6 6. O-O Bd6 7. Nc3 O-O 8. d4
h6 9. Qc2 Re8 10. Nd2 Bg4 11. Re1 Bh5 12. e4 dxe4 13. Ndxe4 Nd5 14. Bd2 Ne7 15.
Bxh6 Na6 16. a3 Nf5 17. Nxd6 Rxe1+ 18. Rxe1 Nxd4 19. Qe4 Qxd6 20. Bf4 Qe6 21.
Be5 Nb3 22. Qh4 Bg6 23. Bh3 Qe8 24. Re3 Qd8 25. Qg4 Qd2 26. Ne4 Qd5 27. Nc3 Qd2
28. Ne4 1/2-1/2

[Event "Sri Lanka Women's National B Chess Championship 20"]
[Site "SLIIT, Malabe"]
[Date "2015.06.20"]
[Round "4"]
[Board "10"]
[White "Peiris, H Pevinya"]
[Black "Yapa Bandara, Chamodya"]
[Result "1-0"]
[WhiteElo "1563"]
[BlackElo "1460"]
[PlyCount "107"]
[EventDate "2015.05.19"]
[EventRounds "10"]
[EventCountry "SRI"]

1. e4 c5 2. Nf3 d6 3. c3 Nf6 4. Bc4 Nc6 5. d3 e6 6. O-O Be7 7. Re1 O-O 8. Bb5
Bd7 9. d4 cxd4 10. cxd4 a6 11. Bf1 Qc7 12. Nc3 Rfe8 13. a3 Bf8 14. Bg5 Be7 15.
Rc1 Qd8 16. b4 b5 17. e5 Nd5 18. Nxd5 exd5 19. Bf4 Qb8 20. Qb3 dxe5 21. dxe5 d4
22. e6 Bxe6 23. Rxe6 Qxf4 24. Rexc6 g5 25. g3 Qg4 26. h3 Qd7 27. Rc7 Qe6 28.
Nxd4 Qxb3 29. Nxb3 Bf6 30. R7c2 h5 31. Nc5 Bg7 32. Bg2 Ra7 33. Bb7 Bd4 34. Bc6
Ree7 35. Nb3 Bb6 36. Bf3 h4 37. gxh4 gxh4 38. Bg4 Re5 39. Nd2 f5 40. Rc8+ Kh7
41. Bf3 Rd7 42. R8c2 Rd3 43. Kf1 Rxa3 44. Rc6 Bd8 45. Bg2 Rd3 46. Nf3 Re8 47.
Rxa6 Rb3 48. Nd4 Rxb4 49. Nc6 Rb2 50. Nxd8 Ree2 51. Rc7+ Kh8 52. Rh6+ Kg8 53.
Bd5+ Kf8 54. Rh8# 1-0

[Event "Sri Lanka Women's National B Chess Championship 20"]
[Site "SLIIT, Malabe"]
[Date "2015.06.20"]
[Round "4"]
[Board "12"]
[White "Tharuki, A V G Irushi"]
[Black "Wijesuriya, G P Y"]
[Result "0-1"]
[WhiteElo "1192"]
[BlackElo "1408"]
[PlyCount "58"]
[EventDate "2015.05.19"]
[EventRounds "10"]
[EventCountry "SRI"]

1. e4 e5 2. Nf3 Nc6 3. d4 exd4 4. Bc4 Nf6 5. O-O d6 6. Ng5 Ne5 7. Bb3 h6 8. Nf3
Bg4 9. Nbd2 Be7 10. Re1 O-O 11. h3 Bh5 12. a3 c5 13. Bd5 Nxd5 14. exd5 Bf6 15.
b3 d3 16. Ra2 dxc2 17. Rxc2 Re8 18. Kf1 Qa5 19. Nc4 Nxc4 20. Rxe8+ Rxe8 21.
bxc4 Qa4 22. Qd2 Bg6 23. Rc3 Bxc3 24. Qxc3 Qd1+ 25. Ne1 Rxe1+ 26. Qxe1 Bd3+ 27.
Kg1 Qxe1+ 28. Kh2 Qxf2 29. a4 Be4 0-1

[Event "Sri Lanka Women's National B Chess Championship 20"]
[Site "SLIIT, Malabe"]
[Date "2015.06.20"]
[Round "4"]
[Board "13"]
[White "Mayuraji, L M Dinya"]
[Black "Tennakoonwela, Pamudie Sasankh"]
[Result "0-1"]
[WhiteElo "1137"]
[BlackElo "1377"]
[PlyCount "78"]
[EventDate "2015.05.19"]
[EventRounds "10"]
[EventCountry "SRI"]

1. e4 c5 2. Nf3 d6 3. d4 cxd4 4. Nxd4 Nf6 5. Nc3 a6 6. Be2 g6 7. Be3 Bg7 8. h3
Nc6 9. a3 Qc7 10. O-O b5 11. Re1 Bb7 12. Qd2 Rc8 13. Rab1 Na5 14. Ra1 Nc4 15.
Bxc4 Qxc4 16. Nf3 Nxe4 17. Nxe4 Bxe4 18. c3 Bb7 19. Bg5 Be5 20. Nxe5 dxe5 21.
Rxe5 e6 22. Rae1 Qc6 23. f3 Qb6+ 24. Kh1 Qc7 25. f4 O-O 26. Bh6 Rfe8 27. Qf2
Bd5 28. Qh4 f5 29. Qf6 Qf7 30. Qxf7+ Kxf7 31. Bg5 Rc7 32. Kh2 Rc4 33. R1e3 Re4
34. g4 Rxe3 35. Rxe3 Be4 36. Re2 fxg4 37. hxg4 Bf3 38. Re5 Bxg4 39. b3 Re7 {
(Unclear Recording)} 0-1

[Event "Sri Lanka Women's National B Chess Championship 20"]
[Site "SLIIT, Malabe"]
[Date "2015.06.20"]
[Round "4"]
[Board "14"]
[White "Sarathchandra, Thihansa Dewwan"]
[Black "Weerasinghe, Asani Sankalpana"]
[Result "1-0"]
[WhiteElo "1338"]
[BlackElo "1177"]
[PlyCount "109"]
[EventDate "2015.05.19"]
[EventRounds "10"]
[EventCountry "SRI"]

1. d4 d5 2. c4 e6 3. Nc3 Nf6 4. Nf3 Be7 5. e3 O-O 6. Bd3 dxc4 7. Bxc4 Nd5 8.
Bd3 Nb4 9. Be4 f5 10. Bb1 c5 11. O-O b6 12. a3 Nd5 13. Nxd5 exd5 14. dxc5 Bxc5
15. Ba2 Bb7 16. b4 Be7 17. Bb2 Kh8 18. Qd3 a5 19. b5 Qd6 20. Rfd1 d4 21. Qxd4
Qg6 22. Bd5 Bf6 23. Ne5 Bxe5 24. Qxe5 Bxd5 25. Qxd5 Ra7 26. Qd6 Qxd6 27. Rxd6
Nd7 28. Rad1 Nc5 29. Bd4 Rb7 30. Rxb6 Rxb6 31. Bxc5 Rbb8 32. Bxf8 Rxf8 33. Rd7
Rc8 34. g3 Kg8 35. b6 Rc1+ 36. Kg2 Rb1 37. b7 Rxb7 38. Rxb7 g5 39. Ra7 h6 40.
Rxa5 Kf7 41. Rc5 Ke6 42. a4 f4 43. a5 Kd6 44. Rc3 f3+ 45. Kxf3 g4+ 46. Kxg4 h5+
47. Kxh5 Kd7 48. a6 Kd6 49. a7 Kd7 50. a8=Q Kd6 51. Qe4 Kd7 52. Rd3+ Kc7 53.
Qc4+ Kb6 54. Rb3+ Ka5 55. Qb5# 1-0

[Event "Sri Lanka Women's National B Chess Championship 20"]
[Site "SLIIT, Malabe"]
[Date "2015.06.21"]
[Round "5"]
[Board "1"]
[White "Wickramasinghe, Dilhara Ishini"]
[Black "De Silva, Chamindra"]
[Result "1-0"]
[WhiteElo "1698"]
[BlackElo "1509"]
[PlyCount "49"]
[EventDate "2015.05.19"]
[EventRounds "10"]
[EventCountry "SRI"]

1. d4 Nf6 2. c4 e6 3. a3 d5 4. Nc3 c6 5. e3 Bd6 6. Nf3 Nbd7 7. Bd3 dxc4 8. Bxc4
O-O 9. O-O b5 10. Bd3 Bb7 11. e4 e5 12. d5 a6 13. dxc6 Bxc6 14. Bxb5 Bxb5 15.
Nxb5 Bc7 16. Nxc7 Qxc7 17. Qe2 h6 18. Rb1 Qc6 19. Re1 Rfe8 20. b4 Nb6 21. Bb2
Nfd7 22. Rbc1 Qb7 23. Nh4 Kh8 24. Nf5 Nf6 25. Nd6 1-0

[Event "Sri Lanka Women's National B Chess Championship 20"]
[Site "SLIIT, Malabe"]
[Date "2015.06.21"]
[Round "5"]
[Board "2"]
[White "Premanath, Dinushki"]
[Black "Udupitiya, U G S S S"]
[Result "1/2-1/2"]
[WhiteElo "1854"]
[BlackElo "1701"]
[PlyCount "105"]
[EventDate "2015.05.19"]
[EventRounds "10"]
[EventCountry "SRI"]

1. e4 c5 2. Nf3 d6 3. d4 cxd4 4. Nxd4 Nf6 5. Nc3 a6 6. Bc4 e6 7. Bb3 Nbd7 8.
O-O Nc5 9. Qe2 Be7 10. a4 O-O 11. Ba2 Qc7 12. Bd2 b6 13. f3 Bb7 14. Nd1 Rfe8
15. b4 Ncd7 16. c4 d5 17. cxd5 exd5 18. Rc1 Qb8 19. Nf5 Bd6 20. Nxd6 Qxd6 21.
Ne3 dxe4 22. f4 Rac8 23. Nf5 Qb8 24. Rxc8 Bxc8 25. Qc4 Rf8 26. Rc1 Kh8 27. Qc7
Qxc7 28. Rxc7 Nb8 29. Nd6 Be6 30. Nxf7+ Bxf7 31. Rxf7 Rxf7 32. Bxf7 b5 33. axb5
axb5 34. h3 Nc6 35. g4 Nd4 36. Kf2 Nc2 37. g5 Ng8 38. Be8 Ne7 39. Bxb5 Nd5 40.
Bc4 e3+ 41. Bxe3 Ncxe3 42. Bxd5 Nxd5 43. b5 Kg8 44. Kf3 Kf7 45. h4 Ke6 46. Kg4
g6 47. h5 Kd6 48. Kf3 Ke6 49. Kg4 Nb6 50. f5+ gxf5+ 51. Kf4 Nd5+ 52. Kf3 Kf7
53. Kg3 1/2-1/2

[Event "Sri Lanka Women's National B Chess Championship 20"]
[Site "SLIIT, Malabe"]
[Date "2015.06.21"]
[Round "5"]
[Board "3"]
[White "Balasuriya, Sajini Hasara"]
[Black "Kodikara, K K M Sachintha"]
[Result "0-1"]
[WhiteElo "1571"]
[BlackElo "1474"]
[PlyCount "73"]
[EventDate "2015.05.19"]
[EventRounds "10"]
[EventCountry "SRI"]

1. e4 d5 2. exd5 Qxd5 3. Nc3 Qa5 4. d4 c6 5. Nf3 Nf6 6. Bc4 Bg4 7. h3 Bxf3 8.
Qxf3 e6 9. O-O Bd6 10. Re1 O-O 11. Bf4 Bxf4 12. Qxf4 Nbd7 13. Ne4 Nxe4 14. Rxe4
Nf6 15. Re5 Qc7 16. Qf3 Qb6 17. Qc3 Rad8 18. Rd1 Rd7 19. g4 Rfd8 20. g5 Ne8 21.
Re4 Nd6 22. Rg4 Nf5 23. d5 Ne7 24. Rgd4 cxd5 25. Bb3 Nc6 26. Rh4 Na5 27. Qd3 g6
28. Rh6 Qb4 29. Qe3 Nc6 30. a3 Qe7 31. Qg3 Qf8 32. Ba4 Rd6 33. Bxc6 Rxc6 34.
Rd4 Rc4 35. Rd2 Qd6 36. Qg2 Qe5 37. Qg3 0-1

[Event "Sri Lanka Women's National B Chess Championship 20"]
[Site "SLIIT, Malabe"]
[Date "2015.06.21"]
[Round "5"]
[Board "4"]
[White "Jayaweera, Sayuni Gihansa"]
[Black "Gamage, Nethmi Nirasha"]
[Result "0-1"]
[WhiteElo "1437"]
[BlackElo "1514"]
[PlyCount "91"]
[EventDate "2015.05.19"]
[EventRounds "10"]
[EventCountry "SRI"]

1. d4 Nf6 2. Nf3 c5 3. d5 e6 4. c4 exd5 5. cxd5 d6 6. Nc3 g6 7. e4 Bg7 8. Be2
O-O 9. O-O Na6 10. Re1 Nc7 11. Bf1 Bg4 12. h3 Bxf3 13. Qxf3 Qd7 14. Bg5 Nfe8
15. a4 a6 16. a5 Nb5 17. Nxb5 axb5 18. Qb3 Nc7 19. Be2 c4 20. Qc2 Na6 21. Bg4
Qc7 22. Bd2 Nc5 23. Ra3 h5 24. Bf3 Rfc8 25. Rc1 Qe7 26. Bc3 Nd3 27. Bxg7 Nxc1
28. Qc3 Nd3 29. Bf6 Qf8 30. Qd2 Ne5 31. Qg5 Kh7 32. Bxe5 dxe5 33. Qxe5 Qg7 34.
Qe7 Qxb2 35. Qxf7+ Qg7 36. Qf4 b4 37. Ra4 b3 38. e5 c3 39. Be4 c2 40. Qc1 b2
41. Qg5 c1=Q+ 42. Qxc1 bxc1=Q+ 43. Kh2 Qxe5+ 44. g3 Qe1 45. Kg2 Rc1 46. Kf3 0-1

[Event "Sri Lanka Women's National B Chess Championship 20"]
[Site "SLIIT, Malabe"]
[Date "2015.06.21"]
[Round "5"]
[Board "5"]
[White "Pasqual, Anuki"]
[Black "Rajapaksa, Miyuni Kavinya"]
[Result "1-0"]
[WhiteElo "1423"]
[BlackElo "1583"]
[PlyCount "41"]
[EventDate "2015.05.19"]
[EventRounds "10"]
[EventCountry "SRI"]

1. e4 c5 2. Nc3 Nc6 3. f4 g6 4. Nf3 Bg7 5. Bc4 e6 6. d3 a6 7. O-O d6 8. Qe1
Nge7 9. Bd2 b5 10. Bb3 Rb8 11. Qh4 Nd4 12. Nxd4 cxd4 13. Ne2 O-O 14. f5 exf5
15. Bg5 Rb7 16. Ng3 Qd7 17. exf5 Nxf5 18. Rxf5 gxf5 19. Nh5 f4 20. Nxg7 Kxg7
21. Bf6+ 1-0

[Event "Sri Lanka Women's National B Chess Championship 20"]
[Site "SLIIT, Malabe"]
[Date "2015.06.21"]
[Round "5"]
[Board "6"]
[White "Ranasinghe, Thinithi Sahanika"]
[Black "Peiris, H Pevinya"]
[Result "1/2-1/2"]
[WhiteElo "1682"]
[BlackElo "1563"]
[PlyCount "64"]
[EventDate "2015.05.19"]
[EventRounds "10"]
[EventCountry "SRI"]

1. c4 b6 2. Nf3 Bb7 3. Nc3 Nf6 4. g3 Bxf3 5. exf3 e6 6. Bg2 d5 7. f4 c6 8. cxd5
cxd5 9. d4 Qd7 10. O-O Bb4 11. Qb3 Nc6 12. Rd1 Bxc3 13. Qxc3 O-O 14. b3 Rac8
15. Ba3 Rfd8 16. Qe3 Ng4 17. Qe2 Nh6 18. Bh3 Nf5 19. Bb2 Nd6 20. Bc1 Rc7 21.
Qe1 Rdc8 22. Bf1 a5 23. a3 Qd8 24. f3 Qf6 25. Kg2 h6 26. Qd2 g5 27. fxg5 hxg5
28. Be2 Qg7 29. Qe3 Nf5 30. Qd2 Nd6 31. Qe3 Nf5 32. Qd2 Nd6 1/2-1/2

[Event "Sri Lanka Women's National B Chess Championship 20"]
[Site "SLIIT, Malabe"]
[Date "2015.06.21"]
[Round "5"]
[Board "7"]
[White "Nonis, P A R R"]
[Black "Tharushi, T H D Niklesha"]
[Result "1-0"]
[WhiteElo "1488"]
[BlackElo "1508"]
[PlyCount "160"]
[EventDate "2015.05.19"]
[EventRounds "10"]
[EventCountry "SRI"]

1. e4 c5 2. Nf3 d6 3. d4 cxd4 4. Nxd4 Nf6 5. Nc3 g6 6. Be3 Bg7 7. f3 O-O 8. Bc4
Nc6 9. Qd2 Bd7 10. O-O-O Rc8 11. Bb3 Ne5 12. g4 b5 13. h4 a5 14. h5 a4 15. hxg6
axb3 16. gxh7+ Kh8 17. axb3 b4 18. Nb1 Nxf3 19. Nxf3 Nxe4 20. Qxb4 Qc7 21. Rh2
Nc5 22. Nc3 Qa7 23. Kd2 Rb8 24. Qf4 e5 25. Qg5 Qa5 26. Ke2 Bb5+ 27. Kf2 Ne6 28.
Qh4 Bc6 29. Rxd6 Bxf3 30. Kxf3 e4+ 31. Nxe4 f5 32. Rxe6 fxe4+ 33. Kg2 Qb5 34.
Qe1 Rbc8 35. Kg1 Qd5 36. Re7 Rf3 37. Rd2 Qb5 38. Rxe4 Qc6 39. Rc4 Qe6 40. Rxc8+
Qxc8 41. Qh4 Bf6 42. Bd4 Bxd4+ 43. Rxd4 Rf8 44. Qe7 Qb8 45. Qd6 Qe8 46. Qg3 Rf7
47. Qc3 Rg7 48. Rc4 Kxh7 49. Rc7 Rxc7 50. Qxc7+ Kg6 51. Qc3 Qe6 52. Qd3+ Kg7
53. Qd4+ Kg6 54. Qf2 Qd6 55. c4 Qd1+ 56. Kg2 Qxb3 57. Qf5+ Kg7 58. Qe5+ Kg6 59.
c5 Qc2+ 60. Kf3 Qd3+ 61. Qe3 Qd1+ 62. Kg3 Qc2 63. b4 Qc4 64. Qd2 Qb5 65. Kg2
Qa4 66. Qd3+ Kg7 67. Qd4+ Kh7 68. Qe4+ Kg7 69. c6 Qa2+ 70. Kg3 Qb3+ 71. Kf4 Kg8
72. Qg6+ Kf8 73. Qd6+ Kg8 74. Kf5 Qf7+ 75. Qf6 Qd5+ 76. Qe5 Qf7+ 77. Kg5 Kh7
78. Qf5+ Qg6+ 79. Qxg6+ Kh8 80. Qf6+ Kg8 1-0

[Event "Sri Lanka Women's National B Chess Championship 20"]
[Site "SLIIT, Malabe"]
[Date "2015.06.21"]
[Round "5"]
[Board "8"]
[White "Askey, Roshell Nathasha"]
[Black "Sarathchandra, Thihansa Dewwan"]
[Result "1-0"]
[WhiteElo "1637"]
[BlackElo "1338"]
[PlyCount "191"]
[EventDate "2015.05.19"]
[EventRounds "10"]
[EventCountry "SRI"]

1. e4 c5 2. Nf3 d6 3. d4 cxd4 4. Nxd4 Nf6 5. Nc3 g6 6. Be3 Bg7 7. h3 O-O 8. g4
Nc6 9. Bg2 Nxd4 10. Bxd4 Be6 11. O-O Qa5 12. a3 a6 13. Nd5 Bxd5 14. exd5 Rac8
15. Re1 Qc7 16. Bc3 Qd7 17. Bf3 h6 18. Kh2 Rc7 19. Rb1 Rfc8 20. h4 g5 21. hxg5
hxg5 22. Bxf6 Bxf6 23. c3 Kg7 24. Kg2 Rh8 25. Rh1 Rxh1 26. Qxh1 Rc8 27. Qc1 Rh8
28. Qd2 Qb5 29. Be2 Qb6 30. Bf3 Qb5 31. Qe2 Qxe2 32. Bxe2 Rc8 33. Bd3 Rc5 34.
c4 Ra5 35. Kf3 Kf8 36. Ke2 Bd4 37. f3 Ke8 38. Kd2 Kd7 39. Kc2 e6 40. dxe6+ Kxe6
41. Re1+ Re5 42. Be4 b6 43. b4 Kd7 44. Rh1 a5 45. Rh7 Ke7 46. Bg6 axb4 47. axb4
d5 48. Bxf7 dxc4 49. Bxc4+ Kd6 50. Rf7 Be3 51. Rf6+ Ke7 52. Rf7+ Kd6 53. Bd3
Re7 54. Rf6+ Re6 55. Rf8 Ke7 56. Rc8 Bf4 57. Rh8 Kd6 58. Be4 Kc7 59. Rh7+ Kd8
60. Kb3 Re7 61. Rh6 Be3 62. Bf5 Kc7 63. Be4 Kd8 64. Rc6 Rc7 65. Rd6+ Rd7 66.
Rg6 Re7 67. Bf5 Kc7 68. Rg8 Kb7 69. Kc4 Kc7 70. Rc8+ Kb7 71. Rd8 Kc7 72. Rd3
Bf4 73. Kb5 Kb7 74. Be4+ Rxe4 75. fxe4 Kc7 76. Rd5 Be3 77. e5 Bf4 78. e6 Bd6
79. Rxg5 Be7 80. Rg6 Kd6 81. Kxb6 Ke5 82. Kc6 Bxb4 83. Kd7 Kf4 84. e7 Bxe7 85.
Kxe7 Kf3 86. Rg8 Kf4 87. g5 Kf5 88. g6 Kg5 89. g7 Kf5 90. Rf8+ Ke5 91. g8=Q Kd4
92. Qg4+ Kd5 93. Rf5+ Kc6 94. Qc4+ Kb6 95. Rb5+ Ka6 96. Qa4# 1-0

[Event "Sri Lanka Women's National B Chess Championship 20"]
[Site "SLIIT, Malabe"]
[Date "2015.06.21"]
[Round "5"]
[Board "9"]
[White "Rodrigo, T M Janudi"]
[Black "Saumy, Zainab"]
[Result "0-1"]
[WhiteElo "1421"]
[BlackElo "1510"]
[PlyCount "106"]
[EventDate "2015.05.19"]
[EventRounds "10"]
[EventCountry "SRI"]

1. d4 Nf6 2. Bf4 c5 3. e3 Nd5 4. Bg3 Qb6 5. Nc3 Nxc3 6. bxc3 e6 7. Nf3 Qb2 8.
Bd3 Qxc3+ 9. Kf1 c4 10. Be2 d5 11. a4 Nc6 12. h3 Bd7 13. Bh2 a5 14. Rb1 Nb4 15.
Qc1 Bxa4 16. Ne1 Nxc2 17. Nxc2 Qxc2 18. Qxc2 Bxc2 19. Rxb7 a4 20. g4 a3 21. Kg2
a2 22. Ra1 Bb3 23. Bd1 Bxd1 24. Rxd1 a1=Q 25. Rxa1 Rxa1 26. Rb8+ Kd7 27. Rb7+
Kc6 28. Rc7+ Kb6 29. Rc8 Ra7 30. Rb8+ Rb7 31. Ra8 Kb5 32. Ra1 Bb4 33. Rb1 c3
34. e4 c2 35. Rc1 Rc8 36. Bf4 Ka4 37. Ra1+ Kb3 38. Bc1 dxe4 39. h4 Rcc7 40. h5
Ra7 41. Rxa7 Rxa7 42. g5 Ra1 43. Be3 c1=Q 44. Bxc1 Rxc1 45. h6 gxh6 46. gxh6
Rc2 47. Kg3 Re2 48. d5 exd5 49. Kf4 Rxf2+ 50. Ke5 e3 51. Kxd5 e2 52. Kc6 Ba5
53. Kd5 e1=Q 0-1

[Event "Sri Lanka Women's National B Chess Championship 20"]
[Site "SLIIT, Malabe"]
[Date "2015.06.21"]
[Round "5"]
[Board "10"]
[White "Wijesuriya, G P Y"]
[Black "Udagedara, Sandali Kanishka"]
[Result "1-0"]
[WhiteElo "1408"]
[BlackElo "1492"]
[PlyCount "93"]
[EventDate "2015.05.19"]
[EventRounds "10"]
[EventCountry "SRI"]

1. e4 c5 2. Nc3 g6 3. f4 Nc6 4. Nf3 Bg7 5. a4 e6 6. Bc4 Nge7 7. d3 O-O 8. O-O
b6 9. Bd2 d5 10. Bb3 Nd4 11. Rb1 Bb7 12. Qe1 Rc8 13. Nxd4 Bxd4+ 14. Kh1 dxe4
15. dxe4 c4 16. Ba2 a6 17. Rd1 Qc7 18. Qh4 f5 19. Bxc4 Qxc4 20. Qxe7 Rf7 21.
Qh4 Bf6 22. Qf2 Bd4 23. Be3 Bxc3 24. bxc3 Qxe4 25. Bxb6 Rxc3 26. Rd2 Qxa4 27.
Qh4 Rxc2 28. Rd8+ Kg7 29. Bd4+ Qxd4 30. Rxd4 Rxg2 31. Rb4 Rg4+ 32. Rxb7 Rxh4
33. Rb6 Rd7 34. Rxa6 Kf6 35. Rf2 Rd4 36. Ra7 h5 37. Ra8 Rdxf4 38. Re2 Rhg4 39.
Ra1 Re4 40. Rf2 e5 41. Ra6+ Kg5 42. Ra1 Re3 43. Raf1 f4 44. Ra2 f3 45. Ra5 Kh4
46. Rb5 f2 47. Rb2 {White won by time} 1-0